| 000 | 00781cam a22002653a 4500 | ||
|---|---|---|---|
| 001 | 3142 | ||
| 003 | PGUSA | ||
| 005 | 20140828083026.0 | ||
| 008 | 020301s2002||||xxu|||||s|||||000 | eng d | ||
| 040 |
_aPGUSA _beng |
||
| 042 | _adc | ||
| 050 | 4 | _aPR | |
| 100 | 1 |
_aKingsley, Charles, _d1819-1875 |
|
| 245 | 1 | 0 |
_aPlays and Puritans _h[electronic resource] / _cCharles Kingsley |
| 260 |
_bProject Gutenberg, _c2002 |
||
| 506 | _aPublic domain in the USA. | ||
| 516 | _aElectronic text | ||
| 653 | _aTheater -- Great Britain -- History | ||
| 653 | _aTheater -- Moral and ethical aspects | ||
| 653 | _aGreat Britain -- History | ||
| 653 | _aTheater -- Religious aspects | ||
| 830 | 0 |
_aProject Gutenberg _v3142 |
|
| 856 | 4 | 0 | _uhttp://www.gutenberg.org/ebooks/3142 |
| 942 | _cEB | ||
| 999 |
_c232471 _d232471 |
||